Ռուսաստանը 1941-1945 թվականների պատերազմում / (Record no. 47802)
[ view plain ]
| 000 -LEADER | |
|---|---|
| fixed length control field | 01043nam a2200241Ia 4500 |
| 003 - CONTROL NUMBER IDENTIFIER | |
| control field | SEM |
| 005 - DATE AND TIME OF LATEST TRANSACTION | |
| control field | 20250620102114.0 |
| 008 - FIXED-LENGTH DATA ELEMENTS--GENERAL INFORMATION | |
| fixed length control field | 141116s1969 ai ||||gr||||||01|||arm|d |
| 040 ## - CATALOGING SOURCE | |
| Original cataloging agency | SEM |
| Transcribing agency | SEM |
| 041 ## - LANGUAGE CODE | |
| Language code of text/sound track or separate title | arm |
| Language code of original | rus |
| 080 ## - UNIVERSAL DECIMAL CLASSIFICATION NUMBER | |
| Universal Decimal Classification number | 947.085/Վ-53 |
| 100 ## - MAIN ENTRY--PERSONAL NAME | |
| Personal name | Վերտ, Ալեքսանդր |
| Dates associated with a name | (1901-1969) |
| 245 ## - TITLE STATEMENT | |
| Title | Ռուսաստանը 1941-1945 թվականների պատերազմում / |
| Statement of responsibility, etc. | Ա. Վերտ ; Թարգմ.՝ Ս. Ս. Ավետիսյան ; Հ. Հ. Ջաղեթյան ; Ա. Ն. Սարգսյան ; Խմբ.՝ Բ. Բ. Ղուկասյան |
| 260 ## - PUBLICATION, DISTRIBUTION, ETC. | |
| Place of publication, distribution, etc. | Երևան : |
| Name of publisher, distributor, etc. | «Հայաստան», |
| Date of publication, distribution, etc. | 1969. |
| 300 ## - PHYSICAL DESCRIPTION | |
| Extent | 979 էջ ; |
| Dimensions | 21 սմ |
| 650 ## - SUBJECT ADDED ENTRY--TOPICAL TERM | |
| Topical term or geographic name entry element | Հայրենական մեծ պատերազմ |
| General subdivision | Սովետական միություն |
| Geographic subdivision | Ռուսաստան |
| 653 ## - INDEX TERM--UNCONTROLLED | |
| Uncontrolled term | ՍԷՄ |
| 700 ## - ADDED ENTRY--PERSONAL NAME | |
| Personal name | Ավետիսյան, Ս. Ս. |
| Relator term | թարգմ. |
| Relationship | trl. |
| 700 ## - ADDED ENTRY--PERSONAL NAME | |
| Personal name | Ջաղեթյան, Հ. Հ. |
| Relator term | թարգմ. |
| Relationship | trl. |
| 700 ## - ADDED ENTRY--PERSONAL NAME | |
| Personal name | Սարգսյան, Ա. Ն. |
| Relator term | թարգմ. |
| Relationship | trl. |
| 700 ## - ADDED ENTRY--PERSONAL NAME | |
| Personal name | Ղուկասյան, Բ. Բ. |
| Relator term | խմբ. |
| Relationship | edt. |
| 942 ## - ADDED ENTRY ELEMENTS (KOHA) | |
| Source of classification or shelving scheme | Universal Decimal Classification |
| Koha item type | Գրքեր/Books |
| Withdrawn status | Lost status | Source of classification or shelving scheme | Damaged status | Not for loan | Collection code | Home library | Current library | Date acquired | Cost, normal purchase price | Inventory number | Total Checkouts | Full call number | Barcode | Date last seen | Price effective from | Koha item type | Public note |
|---|---|---|---|---|---|---|---|---|---|---|---|---|---|---|---|---|---|
| Universal Decimal Classification | Գրապահոց | Մայր Աթոռ Սուրբ Էջմիածին «Վաչե և Թամար Մանուկյան» Մատենադարան | Մայր Աթոռ Սուրբ Էջմիածին «Վաչե և Թամար Մանուկյան» Մատենադարան | 16/11/2014 | 1000.00 | 14260 | 947.085/Վ-53 | 14260 | 16/11/2014 | 16/11/2014 | Գրքեր/Books | Սպասարկվում է ընթերցասրահ | |||||
| Universal Decimal Classification | Գրապահոց | Մայր Աթոռ Սուրբ Էջմիածին «Վաչե և Թամար Մանուկյան» Մատենադարան | Մայր Աթոռ Սուրբ Էջմիածին «Վաչե և Թամար Մանուկյան» Մատենադարան | 18/06/2025 | 1000.00 | 36189 | 947.085/Վ-53 | 36189 | 18/06/2025 | 18/06/2025 | Գրքեր/Books | Սպասարկվում է 30 օր |